| 000 | 00759nam a2200241 u 4500 | ||
|---|---|---|---|
| 005 | 20240924070539.0 | ||
| 008 | 091019s2006 es r 000 0 spa d | ||
| 020 | _a8449319439 (10 dígitos) | ||
| 020 | _a9788449319433 (13 dígitos) | ||
| 035 | _aUPN01000173253 | ||
| 049 | _aCG | ||
| 050 | 4 |
_aJC359 _bN4.5 |
|
| 100 | 1 | _aNegri, Antonio | |
| 245 | 1 | 0 |
_aMovimientos en el imperio : _bpasajes y paisajes / _cAntonio Negri ; tr. Carmen Revilla. |
| 260 |
_aBarcelona, Esp. : _bPaidós, _c2006. |
||
| 300 | _a270 p. | ||
| 440 | 0 |
_aPaidós estado y sociedad ; _v142 |
|
| 534 |
_pTraducción de: _tMovimenti nell'Impero. Passaggi e paessaggi |
||
| 650 | 4 |
_aImperialismo _99887 |
|
| 650 | 4 |
_aGlobalización _95377 |
|
| 650 | 4 |
_aEstado _96019 |
|
| 905 | _aLibro | ||
| 999 |
_c145357 _d145357 |
||